| 000 | 00721nam a2200277Ia 4500 | ||
|---|---|---|---|
| 008 | 171025s9999 xx 000 0 und d | ||
| 020 | _a9780141046662 | ||
| 050 | _a942 | ||
| 050 | _bOB13 2010 | ||
| 100 | _aO'Briain, Dara | ||
| 245 | _aTickling the English : | ||
| 245 | _ba funny man's notes on a country and it's people / | ||
| 245 | _cby Dara O'Brian. | ||
| 260 | _aNew York : | ||
| 260 | _bPenguin Books, | ||
| 260 | _c2010 | ||
| 300 | _a310 pages : | ||
| 300 | _billustrations ; | ||
| 300 | _c20cm. | ||
| 650 | _aEngland -- | ||
| 650 | _aManners and customs. | ||
| 650 | _aNational characteristics, English -- | ||
| 650 | _xHumor. | ||
| 650 | _xSocial life and customs. | ||
| 700 | _aTitle. | ||
| 999 |
_c344773 _d344773 |
||